<?xml version="1.0" encoding="UTF-8"?>
<record
    xmlns:xsi="http://www.w3.org/2001/XMLSchema-instance"
    xsi:schemaLocation="http://www.loc.gov/MARC21/slim http://www.loc.gov/standards/marcxml/schema/MARC21slim.xsd"
    xmlns="http://www.loc.gov/MARC21/slim">

  <leader>00478nam a2200181   4500</leader>
  <controlfield tag="003">SEACOMEC</controlfield>
  <controlfield tag="005">20250118121322.0</controlfield>
  <controlfield tag="008">250118b        |||||||| |||| 00| 0 eng d</controlfield>
  <datafield tag="020" ind1=" " ind2=" ">
    <subfield code="a">978-8187134398</subfield>
    <subfield code="c">325.00</subfield>
  </datafield>
  <datafield tag="040" ind1=" " ind2=" ">
    <subfield code="a">SEACOMEC</subfield>
  </datafield>
  <datafield tag="082" ind1=" " ind2=" ">
    <subfield code="a">621.381</subfield>
    <subfield code="b">G427</subfield>
  </datafield>
  <datafield tag="100" ind1=" " ind2=" ">
    <subfield code="a"> Ghosh, Basudev </subfield>
  </datafield>
  <datafield tag="245" ind1=" " ind2=" ">
    <subfield code="a">Fundamentals Principles of Electronics/ </subfield>
    <subfield code="c"> Basudev   Ghosh</subfield>
  </datafield>
  <datafield tag="250" ind1=" " ind2=" ">
    <subfield code="a">2nd ed</subfield>
  </datafield>
  <datafield tag="260" ind1=" " ind2=" ">
    <subfield code="a">Kolkata: </subfield>
    <subfield code="b">Books &amp; Allied Ltd,</subfield>
    <subfield code="c"> 2008</subfield>
  </datafield>
  <datafield tag="300" ind1=" " ind2=" ">
    <subfield code="a">742 p</subfield>
  </datafield>
  <datafield tag="942" ind1=" " ind2=" ">
    <subfield code="c">BOOK</subfield>
  </datafield>
  <datafield tag="952" ind1=" " ind2=" ">
    <subfield code="0">0</subfield>
    <subfield code="1">0</subfield>
    <subfield code="2">ddc</subfield>
    <subfield code="4">0</subfield>
    <subfield code="7">0</subfield>
    <subfield code="a">SEACOMEC</subfield>
    <subfield code="b">SEACOMEC</subfield>
    <subfield code="d">2008-07-24</subfield>
    <subfield code="l">0</subfield>
    <subfield code="o">621.381 G427</subfield>
    <subfield code="p">11999</subfield>
    <subfield code="r">2025-01-18 12:13:44</subfield>
    <subfield code="w">2025-01-18</subfield>
    <subfield code="y">BOOK</subfield>
  </datafield>
  <datafield tag="952" ind1=" " ind2=" ">
    <subfield code="0">0</subfield>
    <subfield code="1">0</subfield>
    <subfield code="2">ddc</subfield>
    <subfield code="4">0</subfield>
    <subfield code="7">0</subfield>
    <subfield code="a">SEACOMEC</subfield>
    <subfield code="b">SEACOMEC</subfield>
    <subfield code="d">2008-07-24</subfield>
    <subfield code="l">0</subfield>
    <subfield code="o">621.381 G427</subfield>
    <subfield code="p">12000</subfield>
    <subfield code="r">2025-01-18 12:13:44</subfield>
    <subfield code="t">1</subfield>
    <subfield code="w">2025-01-18</subfield>
    <subfield code="y">BOOK</subfield>
  </datafield>
  <datafield tag="952" ind1=" " ind2=" ">
    <subfield code="0">0</subfield>
    <subfield code="1">0</subfield>
    <subfield code="2">ddc</subfield>
    <subfield code="4">0</subfield>
    <subfield code="7">0</subfield>
    <subfield code="a">SEACOMEC</subfield>
    <subfield code="b">SEACOMEC</subfield>
    <subfield code="d">2008-07-24</subfield>
    <subfield code="l">0</subfield>
    <subfield code="o">621.381 G427</subfield>
    <subfield code="p">12001</subfield>
    <subfield code="r">2025-01-18 12:13:44</subfield>
    <subfield code="t">2</subfield>
    <subfield code="w">2025-01-18</subfield>
    <subfield code="y">BOOK</subfield>
  </datafield>
  <datafield tag="952" ind1=" " ind2=" ">
    <subfield code="0">0</subfield>
    <subfield code="1">0</subfield>
    <subfield code="2">ddc</subfield>
    <subfield code="4">0</subfield>
    <subfield code="7">0</subfield>
    <subfield code="a">SEACOMEC</subfield>
    <subfield code="b">SEACOMEC</subfield>
    <subfield code="d">2008-07-24</subfield>
    <subfield code="l">0</subfield>
    <subfield code="o">621.381 G427</subfield>
    <subfield code="p">12002</subfield>
    <subfield code="r">2025-01-18 12:13:44</subfield>
    <subfield code="t">3</subfield>
    <subfield code="w">2025-01-18</subfield>
    <subfield code="y">BOOK</subfield>
  </datafield>
  <datafield tag="952" ind1=" " ind2=" ">
    <subfield code="0">0</subfield>
    <subfield code="1">0</subfield>
    <subfield code="2">ddc</subfield>
    <subfield code="4">0</subfield>
    <subfield code="7">0</subfield>
    <subfield code="a">SEACOMEC</subfield>
    <subfield code="b">SEACOMEC</subfield>
    <subfield code="d">2008-07-24</subfield>
    <subfield code="l">0</subfield>
    <subfield code="o">621.381 G427</subfield>
    <subfield code="p">12003</subfield>
    <subfield code="r">2025-01-18 12:13:44</subfield>
    <subfield code="t">4</subfield>
    <subfield code="w">2025-01-18</subfield>
    <subfield code="y">BOOK</subfield>
  </datafield>
  <datafield tag="952" ind1=" " ind2=" ">
    <subfield code="0">0</subfield>
    <subfield code="1">0</subfield>
    <subfield code="2">ddc</subfield>
    <subfield code="4">0</subfield>
    <subfield code="7">0</subfield>
    <subfield code="a">SEACOMEC</subfield>
    <subfield code="b">SEACOMEC</subfield>
    <subfield code="d">2008-07-24</subfield>
    <subfield code="l">0</subfield>
    <subfield code="o">621.381 G427</subfield>
    <subfield code="p">12004</subfield>
    <subfield code="r">2025-01-18 12:13:44</subfield>
    <subfield code="t">5</subfield>
    <subfield code="w">2025-01-18</subfield>
    <subfield code="y">BOOK</subfield>
  </datafield>
  <datafield tag="952" ind1=" " ind2=" ">
    <subfield code="0">0</subfield>
    <subfield code="1">0</subfield>
    <subfield code="2">ddc</subfield>
    <subfield code="4">0</subfield>
    <subfield code="7">0</subfield>
    <subfield code="a">SEACOMEC</subfield>
    <subfield code="b">SEACOMEC</subfield>
    <subfield code="d">2008-07-24</subfield>
    <subfield code="l">0</subfield>
    <subfield code="o">621.381 G427</subfield>
    <subfield code="p">12005</subfield>
    <subfield code="r">2025-01-18 12:13:44</subfield>
    <subfield code="t">6</subfield>
    <subfield code="w">2025-01-18</subfield>
    <subfield code="y">BOOK</subfield>
  </datafield>
  <datafield tag="952" ind1=" " ind2=" ">
    <subfield code="0">0</subfield>
    <subfield code="1">0</subfield>
    <subfield code="2">ddc</subfield>
    <subfield code="4">0</subfield>
    <subfield code="7">0</subfield>
    <subfield code="a">SEACOMEC</subfield>
    <subfield code="b">SEACOMEC</subfield>
    <subfield code="d">2008-07-24</subfield>
    <subfield code="l">0</subfield>
    <subfield code="o">621.381 G427</subfield>
    <subfield code="p">12006</subfield>
    <subfield code="r">2025-01-18 12:13:44</subfield>
    <subfield code="t">7</subfield>
    <subfield code="w">2025-01-18</subfield>
    <subfield code="y">BOOK</subfield>
  </datafield>
  <datafield tag="952" ind1=" " ind2=" ">
    <subfield code="0">0</subfield>
    <subfield code="1">0</subfield>
    <subfield code="2">ddc</subfield>
    <subfield code="4">0</subfield>
    <subfield code="7">0</subfield>
    <subfield code="a">SEACOMEC</subfield>
    <subfield code="b">SEACOMEC</subfield>
    <subfield code="d">2008-07-24</subfield>
    <subfield code="l">0</subfield>
    <subfield code="o">621.381 G427</subfield>
    <subfield code="p">12007</subfield>
    <subfield code="r">2025-01-18 12:13:44</subfield>
    <subfield code="t">8</subfield>
    <subfield code="w">2025-01-18</subfield>
    <subfield code="y">BOOK</subfield>
  </datafield>
  <datafield tag="952" ind1=" " ind2=" ">
    <subfield code="0">0</subfield>
    <subfield code="1">0</subfield>
    <subfield code="2">ddc</subfield>
    <subfield code="4">0</subfield>
    <subfield code="7">0</subfield>
    <subfield code="a">SEACOMEC</subfield>
    <subfield code="b">SEACOMEC</subfield>
    <subfield code="d">2008-07-24</subfield>
    <subfield code="l">0</subfield>
    <subfield code="o">621.381 G427</subfield>
    <subfield code="p">12008</subfield>
    <subfield code="r">2025-01-18 12:13:44</subfield>
    <subfield code="t">9</subfield>
    <subfield code="w">2025-01-18</subfield>
    <subfield code="y">BOOK</subfield>
  </datafield>
  <datafield tag="999" ind1=" " ind2=" ">
    <subfield code="c">1947</subfield>
    <subfield code="d">1947</subfield>
  </datafield>
</record>
